00424 2200169 4500001002100000005001500021008004100036035001900077041000700096082001000103090001600113100002500129245003300154260003200187300001800219650001700237INLIS00000000001289020241224114442241224||||||||| | ||| |||| || |  0010-1224012890 aid0 a333.9 a333.9 HER a0 aBambang Heri Kuncoro00aAIR SEBAGAI SUMBER KEHIDUPAN aBandungbGEGER SUNTENc2007 a42hlm;17x25cm 0aIlmu Ekonomi